000 005130000a22001810004500
003 MACL
005 20160306150319.0
008 160306b xxu||||| |||| 00| 0 eng d
040 _aMACL
_cMACL
041 _aHindi
082 _a891.433
100 _aप्रीतम अमृता
_938570
245 _aपिंजर
260 _bप्रगति प्रकाशन
_aनई दिल्‍ली
350 _a1952
650 _aIndian Literature Fiction
_943611
942 _cHIN
_k891.433
_2ddc
999 _c23254
_d23254